| 000 | 00532 a2200157 4500 | ||
|---|---|---|---|
| 020 | _a0-11-753002-6 | ||
| 082 |
_a624.1833 LAW _bL-38-P-33 |
||
| 090 |
_c2945 _d2945 |
||
| 100 |
_aLAWRENCE C.D _943188 |
||
| 245 | _aINTERNATIONAL REVIVEW OF THE COMPOSITION OF CEMENT PASTES MORTARS CONCRETES AND AGGREGATES TO BE USED IN WATER RETAINING STRUCTURES | ||
| 260 |
_aLONDON _bHMSO _c1994 |
||
| 300 |
_aVII, 159P. _c26CM |
||
| 500 | _aCONCRETE | ||
| 526 |
_a0 _b0 _c0 _d624_183300000000000_LAW_L38P33 |
||
| 942 |
_2ddc _aMCE _cBOOK _k624.1833 LAW |
||
| 999 |
_c546990 _d546990 |
||